Oral Therapy for Rheumatoid Arthritis

Bibliographic Details
Main Author: Newell, John (Author)
Format: Article
Language:Slovak
English
Subjects:

MARC

LEADER 00000nab a2200000 a 4500
001 vtls000586694
003 SK-MaSNL
005 20260304094912.0
008 250425c1995 xo 0 slo
015 |a SNBRB19rr/mm-uuuuu 
035 |a CL0586833 
035 |a urn:nbn:sk:snk-ab6tjv 
035 |a (uuid)484c8fb7-7c65-4503-9b29-0e75a2d631af 
035 |a (urnnbn)urn:nbn:sk:snk:ar-a05r3e 
035 |a (sysno)vtls000586694 
040 |a SNKBUCL  |b slo  |c SNKBUCL  |e AACR2 
041 0 |a eng 
044 |a xo  |c SK 
080 |a 616.72-002.77  |2 1981 
100 1 |a Newell, John  |4 aut  |9 1391701 
245 1 0 |a Oral Therapy for Rheumatoid Arthritis  |c John Newell 
650 0 7 |a reumatoidná artritída  |2 snkbucl  |9 28588 
655 7 |a články z novín a časopisov  |2 snkbucl  |9 267496 
773 0 |t Rheumatologia  |g Roč. 9, č. 4 (1995), s. 216 
850 |a Slovenská národná knižnica 
852 |a Slovenská národná knižnica 
958 |a article27 
958 |a RK 
958 |a MI 
958 |a OND 
958 |a EUIPO 
992 |a RBX 
999 |c 2829588  |d 2831518